The Concise Oxford Dictionary of Phrase and Fable : (Record no. 583983)

MARC details
000 -LEADER
fixed length control field 00536nam a2200193 a 4500
008 - FIXED-LENGTH DATA ELEMENTS--GENERAL INFORMATION
fixed length control field 250823s2003##################000#0#eng##
020 ## - INTERNATIONAL STANDARD BOOK NUMBER
ISBN 9780192801258
082 04 - DEWEY DECIMAL CLASSIFICATION NUMBER
Classification number 032
Item number KNO
100 1# - MAIN ENTRY--AUTHOR NAME
Personal name Knowles, Elizabeth M.,
245 10 - TITLE STATEMENT
Title The Concise Oxford Dictionary of Phrase and Fable :
260 ## - PUBLICATION, DISTRIBUTION, ETC. (IMPRINT)
Name of publisher Oxford University Press, USA,
Year of publication 2003.
300 ## - PHYSICAL DESCRIPTION
Number of Pages 598 pages
650 #0 - SUBJECT ADDED ENTRY--TOPICAL TERM
Topical Term Reference.
942 ## - ADDED ENTRY ELEMENTS (KOHA)
Koha item type English Books
Holdings
Withdrawn status Lost status Damaged status Not for loan Home library Current library Shelving location Date acquired Full call number Accession Number Price effective from Koha item type
        Anna Centenary Library Anna Centenary Library 3RD FLOOR, A WING 26.08.2025 032 KNO 108242 26.08.2025 English Books

Find us on the map